[Event "Titled Tuesday intern op 10th Sep Early"]
[Site "Chess,com INT"]
[Date "2024.09.10"]
[Round "10"]
[White "Alikulov, Elbek"]
[Black "Warchol, Kamil"]
[Result "0-1"]
[WhiteElo "2305"]
[BlackElo "2181"]
[PlyCount "94"]
[EventDate "2024.09.10"]
[EventType "swiss (blitz)"]
[EventRounds "11"]
[EventCountry "USA"]
[SourceTitle "EXT 2025"]
[Source "ChessBase"]
[SourceDate "2024.10.14"]
[SourceVersion "1"]
[SourceVersionDate "2024.10.14"]
[SourceQuality "1"]

1. e4 c5 2. Nf3 d6 3. d4 cxd4 4. Nxd4 Nf6 5. Nc3 Nc6 6. Bg5 Bd7 7. f3 h6 8. Be3 e5 9. Nb3 Be6 10. Qd2 d5 11. exd5 Nxd5 12. Nxd5 Qxd5 13. Qxd5 Bxd5 14. c4 Be6 15. Nc5 Bxc5 16. Bxc5 0-0-0 17. b3 Nd4 18. Rc1 Kb8 19. Kf2 Rd7 20. g3 Rhd8 21. Re1 f6 22. Bg2 Bf5 23. Rd1 b6 24. Bb4 Nc2 25. Rxd7 Rxd7 26. Be1 Nxe1 27. Rxe1 Rd2+ 28. Re2 Rxe2+ 29. Kxe2 Bb1 30. a3 Ba2 31. b4 Bxc4+ 32. Ke3 Kc7 33. f4 Kd6 34. Be4 Bd5 35. Bg6 Be6 36. Bd3 f5 37. h4 e4 38. Be2 Kd5 39. Bb5 Bf7 40. Be2 Be8 41. Bf1 h5 42. Be2 g6 43. Ba6 Bd7 44. Be2 a5 45. bxa5 bxa5 46. Bf1 Ba4 47. Ba6 Kc5 0-1

[Event "Titled Tuesday intern op 10th Sep Early"]
[Site "Chess,com INT"]
[Date "2024.09.10"]
[Round "7"]
[White "Popov, Tikhon"]
[Black "Alikulov, Elbek"]
[Result "0-1"]
[WhiteElo "2217"]
[BlackElo "2305"]
[PlyCount "113"]
[EventDate "2024.09.10"]
[EventType "swiss (blitz)"]
[EventRounds "11"]
[EventCountry "USA"]
[SourceTitle "EXT 2025"]
[Source "ChessBase"]
[SourceDate "2024.10.14"]
[SourceVersion "1"]
[SourceVersionDate "2024.10.14"]
[SourceQuality "1"]

1. e4 c5 2. Nf3 g6 3. g3 Bg7 4. Bg2 Nc6 5. 0-0 d6 6. c3 e5 7. Na3 Nge7 8. Nc2 0-0 9. d4 cxd4 10. cxd4 b6 11. d5 Na5 12. Qe2 Nb7 13. Bd2 Nc5 14. Rfc1 Ba6 15. Qe3 f5 16. Ng5 f4 17. gxf4 exf4 18. Qh3 h6 19. Ne6 Nxe6 20. dxe6 Nc6 21. e5 Nxe5 22. Nd4 g5 23. Bc3 g4 24. Qh5 f3 25. Bf1 Bxf1 26. Kxf1 Qe8 27. Qxe8 Raxe8 28. Re1 Nd3 29. Re4 h5 30. Rd1 Nc5 31. Re3 Bxd4 32. Rxd4 Rxe6 33. Rxe6 Nxe6 34. Rxd6 Nc5 35. Rg6+ Kf7 36. Rh6 Rd8 37. Ke1 Nd3+ 38. Kd2 Nf4+ 39. Ke3 Ng2+ 40. Ke4 Re8+ 41. Kf5 Re2 42. Rxh5 Rxf2 43. Rh7+ Ke8 44. Kxg4 Ne3+ 45. Kg3 Rf1 46. Bd2 Nf5+ 47. Kg4 f2 48. Rh8+ Kf7 49. Rh5 Rg1+ 50. Kxf5 f1Q+ 51. Bf4 Qd3+ 52. Ke5 Qe2+ 53. Kf5 Qxh5+ 54. Bg5 Rf1+ 55. Ke4 Qxg5 56. Kd3 Qd5+ 57. Ke2 0-1

[Event "Moscow Aeroflot op-B"]
[Site "Moscow"]
[Date "2020.02.23"]
[Round "5"]
[White "Demidov, Mikhail"]
[Black "Alikulov, Elbek"]
[Result "1-0"]
[WhiteElo "2514"]
[BlackElo "2354"]
[PlyCount "57"]
[EventDate "2020.02.19"]
[EventType "swiss"]
[EventRounds "9"]
[EventCountry "RUS"]
[SourceTitle "CBM 195"]
[Source "ChessBase"]
[SourceDate "2020.04.30"]
[SourceVersion "1"]
[SourceVersionDate "2020.04.30"]
[SourceQuality "1"]

1. f4 e5 2. fxe5 d6 3. exd6 Bxd6 4. Nf3 g5 5. g3 g4 6. Nh4 Ne7 7. Nc3 Ng6 8. Nxg6 hxg6 9. Ne4 Nc6 10. d3 Be7 11. Bg2 f5 12. Nf2 Bd6 13. Be3 Qe7 14. Qd2 Rh5 15. Bf4 Bc5 16. Bxc6+ bxc6 17. d4 Bb6 18. Qd3 Bb7 19. 0-0-0 0-0-0 20. Qc4 g5 21. Be5 c5 22. e4 cxd4 23. Bxd4 Re8 24. Qb5 Bxe4 25. Rhe1 Rxh2 26. Nxe4 fxe4 27. Bxb6 axb6 28. Qc6 Kb8 29. Rd4 1-0

[Event "Moscow Aeroflot op-B 17th"]
[Site "Moscow"]
[Date "2018.02.22"]
[Round "3"]
[White "Alikulov, Elbek"]
[Black "Gasanov, Eldar"]
[Result "1-0"]
[WhiteElo "2347"]
[BlackElo "2490"]
[PlyCount "61"]
[EventDate "2018.02.20"]
[EventType "swiss"]
[EventRounds "9"]
[EventCountry "RUS"]
[SourceTitle "CBM 183 Extra"]
[Source "ChessBase"]
[SourceDate "2018.04.19"]
[SourceVersion "1"]
[SourceVersionDate "2018.04.19"]
[SourceQuality "1"]

1. e4 Nc6 2. Nf3 d6 3. d4 Nf6 4. Nc3 g6 5. h3 Bg7 6. Bg5 a6 7. a4 h6 8. Be3 e6 9. Be2 b6 10. 0-0 0-0 11. Qd2 Kh7 12. Rfe1 Ne7 13. Bd3 Bb7 14. Bf4 c5 15. dxc5 bxc5 16. e5 dxe5 17. Nxe5 Ned5 18. Nxf7 Rxf7 19. Bxg6+ Kg8 20. Bxf7+ Kxf7 21. Bxh6 Bxh6 22. Qxh6 Nxc3 23. bxc3 Qg8 24. g4 Re8 25. Rab1 Re7 26. g5 Nd5 27. c4 Nb4 28. c3 Nd3 29. Rxb7 Rxb7 30. Qxe6+ Kg7 31. Qf6+ 1-0

[Event "Moscow Aeroflot op-B 16th"]
[Site "Moscow"]
[Date "2017.03.01"]
[Round "9"]
[White "Dvalishvili, Pavel S"]
[Black "Alikulov, Elbek"]
[Result "1-0"]
[WhiteElo "2420"]
[BlackElo "2371"]
[PlyCount "131"]
[EventDate "2017.02.21"]
[EventType "swiss"]
[EventRounds "9"]
[EventCountry "RUS"]
[SourceTitle "CBM 177 Extra"]
[Source "ChessBase"]
[SourceDate "2017.04.27"]
[SourceVersion "1"]
[SourceVersionDate "2017.04.27"]
[SourceQuality "1"]

1. e4 c5 2. b3 g6 3. Bb2 Nf6 4. e5 Nd5 5. Qf3 Nb4 6. e6 f6 7. exd7+ Bxd7 8. Na3 Bc6 9. Qe3 Nd7 10. Nf3 Nd5 11. Qe6 Nc7 12. Qe2 Bh6 13. 0-0-0 Nd5 14. Qe6 Nf8 15. Qh3 Bg7 16. Bb5 Bxb5 17. Nxb5 a6 18. Nc3 Nxc3 19. Bxc3 e5 20. Rhe1 Qc8 21. Ng1 Ne6 22. g3 0-0 23. f4 Nd4 24. fxe5 fxe5 25. Qg2 Qd7 26. Rf1 Qc6 27. Qxc6 Nxc6 28. Nf3 Rf5 29. Nh4 Rf7 30. Rxf7 Kxf7 31. Nf3 h6 32. Re1 Ke6 33. d3 Rf8 34. Nd2 Kd5 35. Ne4 b5 36. Bb2 Nd4 37. c4+ Kc6 38. Bxd4 exd4 39. Nd2 Kd7 40. Kd1 h5 41. Ne4 Rf5 42. Ke2 Bf8 43. a4 bxa4 44. bxa4 Bd6 45. Rb1 Bc7 46. Rb7 Kc6 47. Ra7 Kb6 48. Ra8 g5 49. h3 g4 50. hxg4 hxg4 51. Rg8 Ka5 52. Rxg4 Kxa4 53. Rg7 Be5 54. Re7 Rh5 55. Nxc5+ Ka5 56. g4 Rh2+ 57. Kf3 Bh8 58. Rb7 Rh6 59. Rb1 Rc6 60. Ne4 Ka4 61. c5 a5 62. g5 Ka3 63. Rb6 Rc8 64. c6 a4 65. Nd6 Rf8+ 66. Ke4 1-0

[Event "Moscow op-A 13th"]
[Site "Moscow"]
[Date "2017.02.03"]
[Round "7"]
[White "Alikulov, Elbek"]
[Black "Geshko, Aleksey"]
[Result "1-0"]
[WhiteElo "2369"]
[BlackElo "2071"]
[PlyCount "55"]
[EventDate "2017.01.28"]
[EventType "swiss"]
[EventRounds "9"]
[EventCountry "RUS"]
[SourceTitle "EXT 2018"]
[Source "ChessBase"]
[SourceDate "2017.10.13"]
[SourceVersion "1"]
[SourceVersionDate "2017.10.13"]
[SourceQuality "1"]

1. e4 c5 2. Nf3 d6 3. d4 cxd4 4. Nxd4 Nf6 5. Nc3 a6 6. Bc4 e6 7. 0-0 b5 8. Bb3 Be7 9. Qf3 Qc7 10. Qg3 Nc6 11. Nf5 b4 12. Nxg7+ Kd8 13. Na4 Rg8 14. Bh6 Ne5 15. Rfd1 Bd7 16. h3 Ng6 17. c3 Bf8 18. Qg5 Be7 19. cxb4 Nxe4 20. Qe3 d5 21. Rac1 Qa7 22. Nb6 Rb8 23. Nxd5 Qxe3 24. Nxe3 Bf8 25. Nxe6+ fxe6 26. Bxe6 Bxh6 27. Rxd7+ Ke8 28. Rxh7 1-0

[Event "Moscow op-A 13th"]
[Site "Moscow"]
[Date "2017.02.01"]
[Round "5"]
[White "Alikulov, Elbek"]
[Black "Demianjuk, Alexander"]
[Result "1-0"]
[WhiteElo "2369"]
[BlackElo "2289"]
[PlyCount "49"]
[EventDate "2017.01.28"]
[EventType "swiss"]
[EventRounds "9"]
[EventCountry "RUS"]
[SourceTitle "EXT 2018"]
[Source "ChessBase"]
[SourceDate "2017.10.13"]
[SourceVersion "1"]
[SourceVersionDate "2017.10.13"]
[SourceQuality "1"]

1. e4 c5 2. Nf3 d6 3. d4 cxd4 4. Nxd4 Nf6 5. Nc3 a6 6. Bc4 e6 7. 0-0 b5 8. Bb3 Be7 9. Qf3 Qc7 10. Qg3 0-0 11. Bh6 Ne8 12. Rad1 b4 13. Nce2 Kh8 14. Bg5 Nf6 15. Qh4 Nbd7 16. f4 Bb7 17. Rd3 Bxe4 18. Rh3 Qb7 19. Ba4 Bxg2 20. Rff3 Bxf3 21. Nxf3 Qe4 22. Bxd7 Qxc2 23. Ba4 Qxb2 24. Ne1 Rg8 25. Kf1 1-0

[Event "Cheliabinsk Lozovatsky Memorial-B"]
[Site "Cheliabinsk"]
[Date "2017.01.20"]
[Round "8"]
[White "Polosin, Evgeni"]
[Black "Alikulov, Elbek"]
[Result "0-1"]
[WhiteElo "2125"]
[BlackElo "2369"]
[PlyCount "80"]
[EventDate "2017.01.14"]
[EventType "tourn"]
[EventRounds "10"]
[EventCountry "RUS"]
[EventCategory "3"]
[SourceTitle "EXT 2018"]
[Source "ChessBase"]
[SourceDate "2017.10.13"]
[SourceVersion "1"]
[SourceVersionDate "2017.10.13"]
[SourceQuality "1"]

1. e4 c5 2. Nf3 d6 3. d4 Nf6 4. Nc3 cxd4 5. Nxd4 a6 6. a4 e5 7. Nb3 Be6 8. Be2 Nbd7 9. 0-0 Be7 10. Be3 0-0 11. Kh1 Nb6 12. Nd2 d5 13. Bxb6 Qxb6 14. exd5 Nxd5 15. Nc4 Qc5 16. Nxd5 Bxd5 17. Nxe5 Bxg2+ 18. Kxg2 Qxe5 19. f4 Qf6 20. Bd3 b6 21. b3 a5 22. Qg4 Bb4 23. Rad1 Rad8 24. Rf3 Rd6 25. Rh3 h6 26. Re3 Rfd8 27. Rf1 Rd4 28. Qf5 Rxd3 29. Rxd3 Qxf5 30. Rxd8+ Kh7 31. Rd3 Bc5 32. h3 h5 33. Kh1 h4 34. Kg2 Qe4+ 35. Rdf3 Qxc2+ 36. Kh1 f5 37. b4 axb4 38. a5 bxa5 39. R1f2 Bxf2 40. Rxf2 b3 0-1

[Event "Cheliabinsk Lozovatsky Memorial-B"]
[Site "Cheliabinsk"]
[Date "2017.01.15"]
[Round "2"]
[White "Vaseptsov, Maxim"]
[Black "Alikulov, Elbek"]
[Result "0-1"]
[WhiteElo "2348"]
[BlackElo "2369"]
[PlyCount "52"]
[EventDate "2017.01.14"]
[EventType "tourn"]
[EventRounds "10"]
[EventCountry "RUS"]
[EventCategory "3"]
[SourceTitle "EXT 2018"]
[Source "ChessBase"]
[SourceDate "2017.10.13"]
[SourceVersion "1"]
[SourceVersionDate "2017.10.13"]
[SourceQuality "1"]

1. e4 c5 2. Nf3 d6 3. d4 cxd4 4. Nxd4 Nf6 5. Nc3 a6 6. Be3 e5 7. Nb3 Be6 8. h3 Nbd7 9. g4 h6 10. Qd2 b5 11. Bg2 Rc8 12. Nd5 h5 13. g5 Nxd5 14. exd5 Bf5 15. Rc1 Nb6 16. Na5 Nc4 17. Nxc4 bxc4 18. Qc3 Be7 19. f4 f6 20. gxf6 Bxf6 21. fxe5 Bxe5 22. Qa3 Qh4+ 23. Bf2 Qg5 24. 0-0 0-0 25. Kh1 c3 26. b3 Be4 0-1

[Event "Cheliabinsk IM"]
[Site "Cheliabinsk"]
[Date "2016.12.11"]
[Round "3"]
[White "Remizov, Yaroslav"]
[Black "Alikulov, Elbek"]
[Result "1-0"]
[WhiteElo "2182"]
[BlackElo "2355"]
[PlyCount "81"]
[EventDate "2016.12.09"]
[EventType "tourn"]
[EventRounds "9"]
[EventCountry "RUS"]
[EventCategory "3"]
[SourceTitle "CBM 176 Extra"]
[Source "ChessBase"]
[SourceDate "2017.03.02"]
[SourceVersion "1"]
[SourceVersionDate "2017.03.02"]
[SourceQuality "1"]

1. e4 c5 2. Nf3 d6 3. d4 cxd4 4. Nxd4 Nf6 5. Nc3 a6 6. Bg5 Nbd7 7. Bc4 Qc7 8. Bb3 h6 9. Bh4 g6 10. 0-0 e5 11. Nd5 Nxd5 12. exd5 Bg7 13. Re1 Nc5 14. f4 0-0 15. fxe5 Bxe5 16. Kh1 Bd7 17. Qd2 Rae8 18. c3 Nxb3 19. axb3 Kh7 20. Nf3 f6 21. Nxe5 fxe5 22. Qe3 Rf7 23. Rf1 Ref8 24. Kg1 Bf5 25. c4 Bc2 26. Rxf7+ Qxf7 27. Rc1 e4 28. h3 Bd3 29. Bg3 Qf6 30. c5 dxc5 31. Rxc5 Rf7 32. d6 Qxb2 33. Rc7 Qg7 34. Be5 Qg8 35. Qb6 g5 36. Qxb7 Kg6 37. Rxf7 Qxf7 38. d7 Kh5 39. d8Q Qxb7 40. Qe8+ Kh4 41. g3+ 1-0

[Event "Cholpon Ata Issyk Kul op"]
[Site "Cholpon Ata"]
[Date "2016.06.28"]
[Round "8"]
[White "Alikulov, Elbek"]
[Black "Akhmetov, Ayan"]
[Result "1-0"]
[WhiteElo "2375"]
[BlackElo "2269"]
[PlyCount "73"]
[EventDate "2016.06.21"]
[EventType "swiss"]
[EventRounds "9"]
[EventCountry "KGZ"]
[SourceTitle "EXT 2017"]
[Source "ChessBase"]
[SourceDate "2016.10.25"]
[SourceVersion "1"]
[SourceVersionDate "2016.10.25"]
[SourceQuality "1"]

1. e4 e6 2. d4 d5 3. Nd2 Nf6 4. e5 Nfd7 5. c3 c5 6. f4 Nc6 7. Ne2 cxd4 8. cxd4 Qb6 9. Nf3 f6 10. Rb1 fxe5 11. fxe5 Bb4+ 12. Bd2 Be7 13. Bc3 0-0 14. Qd2 a5 15. Nf4 Bb4 16. Bd3 Kh8 17. Bc2 Qb5 18. Ng5 Ndxe5 19. Bxh7 Qc4 20. Ne2 b6 21. dxe5 Ba6 22. Bc2 d4 23. Bxb4 Nxb4 24. Be4 Rac8 25. b3 Qb5 26. Nf3 d3 27. Ned4 Nc2+ 28. Kd1 Nxd4 29. Nxd4 Qxe5 30. Qe3 Rf6 31. Rc1 Rxc1+ 32. Kxc1 Qc5+ 33. Kb1 a4 34. Rc1 Qe5 35. Nf3 Qb5 36. Qd4 Rf8 37. Bg6 1-0

[Event "Cholpon Ata Issyk Kul op"]
[Site "Cholpon Ata"]
[Date "2016.06.22"]
[Round "2"]
[White "Alikulov, Elbek"]
[Black "Pahomeev, Oleg"]
[Result "1-0"]
[WhiteElo "2375"]
[BlackElo "1988"]
[PlyCount "120"]
[EventDate "2016.06.21"]
[EventType "swiss"]
[EventRounds "9"]
[EventCountry "KGZ"]
[SourceTitle "EXT 2017"]
[Source "ChessBase"]
[SourceDate "2016.10.25"]
[SourceVersion "1"]
[SourceVersionDate "2016.10.25"]
[SourceQuality "1"]

1. e4 e5 2. Nf3 Nf6 3. Nxe5 d6 4. Nf3 Nxe4 5. c4 Be7 6. d4 c6 7. Bd3 d5 8. 0-0 Nd7 9. Nc3 Nxc3 10. bxc3 dxc4 11. Bxc4 0-0 12. h3 Nb6 13. Bd3 c5 14. Re1 cxd4 15. cxd4 Be6 16. Re5 Bf6 17. Rb5 Bd5 18. Be3 Bc6 19. Rh5 g6 20. Ne5 Qd5 21. Qg4 Qxg2+ 22. Qxg2 Bxg2 23. Ng4 Bg7 24. Rh4 Bd5 25. Nh6+ Bxh6 26. Bxh6 Rfe8 27. Rg4 Rac8 28. Rg3 Nc4 29. a4 b6 30. h4 Rc6 31. h5 Rce6 32. Bxc4 Bxc4 33. Be3 Bd5 34. Rg5 f5 35. Rc1 Kg7 36. Rc7+ R6e7 37. h6+ Kf6 38. Rxe7 Rxe7 39. Rg3 Re4 40. Bd2 Re2 41. Bg5+ Ke6 42. Kf1 Bc4 43. Kg2 Kd5 44. Be3 Ke4 45. Rf3 Bd5 46. Rf4+ Kd3+ 47. Kg3 Re1 48. Rh4 Rg1+ 49. Kh2 Rg2+ 50. Kh3 Ke2 51. Rf4 Rg1 52. Kh2 Rh1+ 53. Kg3 Be4 54. d5 Rd1 55. Rh4 Rg1+ 56. Kh2 Rd1 57. Kg3 Rxd5 58. Kf4 Bc2 59. Rh1 Bxa4 60. Ra1 b5 1-0